UBT Library

Administrimi i punës sociale / (Record no. 249)

000 -LEADER
fixed length control field 00523nam a22001937a 4500
008 - FIXED-LENGTH DATA ELEMENTS--GENERAL INFORMATION
fixed length control field 131107b xxu||||| |||| 00| 0 alb d
020 ## - INTERNATIONAL STANDARD BOOK NUMBER
International Standard Book Number 9789994345175
041 0# - LANGUAGE CODE
Language code of text/sound track or separate title alb
080 ## - UNIVERSAL DECIMAL CLASSIFICATION NUMBER
Universal Decimal Classification number 331.07
100 ## - Rafti
Rafti Lame, Perlat
245 ## - TITLE STATEMENT
Title Administrimi i punës sociale /
Statement of responsibility, etc Perlat Lame.
260 ## -
-- Tiranë :
-- albPAPER ;
-- 2007.
300 ## -
-- 295 f. :
-- me il. ;
-- 20 cm.
500 ## -
-- Parathënie : f. 3 - 4
505 ## -
-- Literatura kryesore : f. 295
650 ## -
-- Administrimi
650 ## -
-- Puna sociale
942 ## - ADDED ENTRY ELEMENTS (KOHA)
Source of classification or shelving scheme
Item type Books
Holdings
Withdrawn status Lost status Source of classification or shelving scheme Damaged status Not for loan Collection code Permanent location Current location Shelving location Date acquired Total Checkouts Full call number Barcode Date last seen Koha item type
          Koleksioni i përgjithshem UBT - Prishtine UBT - Prishtine Koleksioni i përgjithshem 11/07/2013   331.07 LAM 001-000291 11/07/2013 Books
          Koleksioni i përgjithshem UBT - Prishtine UBT - Prishtine Koleksioni i përgjithshem 11/07/2013   331.07 LAM 001-000292 11/07/2013 Books
UBT Library © 2015-2024. All rights reserved University Education for Business and Technology